MARC details
| 000 -LEADER |
| campo de control de longitud fija |
01512nam a2200325 i 4500 |
| 001 - NÚMERO DE CONTROL |
| campo de control |
185379 |
| 003 - IDENTIFICADOR DE NÚMERO DE CONTROL |
| campo de control |
SpMaBN |
| 005 - FECHA Y HORA DE LA ÚLTIMA TRANSACCIÓN |
| campo de control |
20251215175805.0 |
| 007 - CAMPO FIJO DE DESCRIPCIÓN FÍSICA--INFORMACIÓN GENERAL |
| campo de control de longitud fija |
t| |
| 008 - DATOS DE LONGITUD FIJA--INFORMACIÓN GENERAL |
| campo de control de longitud fija |
160526s1991 sp af c |||| | spa d |
| 020 ## - NÚMERO INTERNACIONAL ESTÁNDAR DEL LIBRO |
| Número Internacional Estándar del Libro |
84-7599-097-5 |
| 080 ## - NÚMERO DE LA CLASIFICACIÓN DECIMAL UNIVERSAL |
| Número de la Clasificación Decimal Universal |
75.036(460)(0:860-14)(064.3) |
| 080 ## - NÚMERO DE LA CLASIFICACIÓN DECIMAL UNIVERSAL |
| Número de la Clasificación Decimal Universal |
7:82(083.824) |
| 245 00 - MENCIÓN DEL TÍTULO |
| Título |
Poemas y pintura / |
| Mención de responsabilidad, etc. |
Octavio Paz, Antoni Tàpies, Luis Gordillo, Jorge Guillén, José Guerrero, Rafael Alberti, José Miguel Ullán, José Hernández, Federico García Lorca, Eduardo Naranjo ; [proyecto, Manuel Sánchez Monllor]. |
| 260 ## - PUBLICACIÓN, DISTRIBUCIÓN, ETC. |
| Lugar de publicación, distribución, etc. |
[Madrid] : |
| Nombre del editor, distribuidor, etc. |
Real Academia de Bellas Artes de San Fernando, Calcografía Nacional ; |
| Lugar de publicación, distribución, etc. |
[Alicante] : |
| Nombre del editor, distribuidor, etc. |
Caja de Ahorros del Mediterráneo, |
| Fecha de publicación, distribución, etc. |
[1991] |
| 300 ## - DESCRIPCIÓN FÍSICA |
| Extensión |
[14] p., [1] p. pleg. de lám. col., [1] h. de lám. col. : |
| Otras características físicas |
il. col. ; |
| Dimensiones |
30 cm. |
| 600 14 - PUNTO DE ACCESO ADICIONAL DE MATERIA--NOMBRE DE PERSONA |
| Nombre de persona |
Tàpies, Antoni- |
| Subdivisión de forma |
Exposiciones. |
| 9 (RLIN) |
109253 |
| 600 14 - PUNTO DE ACCESO ADICIONAL DE MATERIA--NOMBRE DE PERSONA |
| Nombre de persona |
Gordillo, Luis- |
| Subdivisión de forma |
Exposiciones. |
| 9 (RLIN) |
59142 |
| 600 17 - PUNTO DE ACCESO ADICIONAL DE MATERIA--NOMBRE DE PERSONA |
| Nombre de persona |
Guerrero, José, |
| Fechas asociadas al nombre |
1914-1991- |
| Subdivisión de forma |
Exposiciones |
| Fuente del encabezamiento o término |
|
| 9 (RLIN) |
159663 |
| 600 04 - PUNTO DE ACCESO ADICIONAL DE MATERIA--NOMBRE DE PERSONA |
| Nombre de persona |
Alberti, Rafael, |
| Fechas asociadas al nombre |
1902-1999- |
| Subdivisión de forma |
Exposiciones |
| 9 (RLIN) |
19347 |
| 600 17 - PUNTO DE ACCESO ADICIONAL DE MATERIA--NOMBRE DE PERSONA |
| Nombre de persona |
Hernández, José, |
| Fechas asociadas al nombre |
1944-2013- |
| Subdivisión de forma |
Exposiciones |
| Fuente del encabezamiento o término |
|
| 9 (RLIN) |
159664 |
| 600 17 - PUNTO DE ACCESO ADICIONAL DE MATERIA--NOMBRE DE PERSONA |
| Nombre de persona |
Naranjo, Eduardo, |
| Fechas asociadas al nombre |
1944- |
| Subdivisión de forma |
Exposiciones |
| Fuente del encabezamiento o término |
|
| 9 (RLIN) |
159665 |
| 650 #4 - PUNTO DE ACCESO ADICIONAL DE MATERIA--TÉRMINO DE MATERIA |
| Término de materia o nombre geográfico como elemento de entrada |
Pintura española- |
| Subdivisión cronológica |
S.XX- |
| Subdivisión de forma |
Exposiciones. |
| 9 (RLIN) |
16043 |
| 650 04 - PUNTO DE ACCESO ADICIONAL DE MATERIA--TÉRMINO DE MATERIA |
| Término de materia o nombre geográfico como elemento de entrada |
Arte y literatura- |
| Subdivisión cronológica |
S.XX. |
| 9 (RLIN) |
10335 |
| 655 #7 - TERMINO DE INDIZACIÓN--GENERO/FORMA |
| Fuente del término |
tgfbne |
| 9 (RLIN) |
193628 |
| Datos o término principal de género/forma |
Catálogos de exposiciones |
| 710 2# - ENTRADA AGREGADA--NOMBRE DE ENTIDAD CORPORATIVA |
| Nombre de entidad corporativa o nombre de jurisdicción como elemento de entrada |
Calcografía Nacional (España) |
| 9 (RLIN) |
2350 |
| 852 ## - LOCALIZACIÓN |
| Ubicación |
ES-MaACL |
| Número de control de estantería |
2330-F-14 |
| 942 ## - ELEMENTOS DE ENTRADA SECUNDARIOS (KOHA) |
| Fuente del sistema de clasificación o colocación |
Clasificación decimal universal |